The Citizen Handbook; (Record no. 4089)

MARC details
000 -LEADER
fixed length control field 00479nam a22001577a 4500
003 - CONTROL NUMBER IDENTIFIER
control field OSt
005 - DATE AND TIME OF LATEST TRANSACTION
control field 20250204122636.0
008 - FIXED-LENGTH DATA ELEMENTS--GENERAL INFORMATION
fixed length control field 250204b |||||||| |||| 00| 0 eng d
040 ## - CATALOGING SOURCE
Transcribing agency Parliament Library
082 ## - DEWEY DECIMAL CLASSIFICATION NUMBER
Classification number 370.114
Item number KE
245 ## - TITLE STATEMENT
Title The Citizen Handbook;
Remainder of title Empowering Citizens Through Civic Education
Statement of responsibility, etc. Uraia Trust
260 ## - PUBLICATION, DISTRIBUTION, ETC. (IMPRINT)
Place of publication, distribution, etc. Nairobi
Name of publisher, distributor, etc. International Republican Institute
Date of publication, distribution, etc. 2012
300 ## - PHYSICAL DESCRIPTION
Extent 181p.
500 ## - GENERAL NOTE
General note Includes glossary of terms and an index.
942 ## - ADDED ENTRY ELEMENTS (KOHA)
Source of classification or shelving scheme Dewey Decimal Classification
Koha item type Books
Holdings
Withdrawn status Lost status Source of classification or shelving scheme Damaged status Not for loan Home library Current library Date acquired Total Checkouts Full call number Barcode Date last seen Price effective from Koha item type
    Dewey Decimal Classification     Bunge Tower Library Bunge Tower Library 02/04/2025   370.114 KE 2025/0053 02/04/2025 02/04/2025 Books
LIBRARY OPENING HOURS

When the Parliament is sitting: 8.00a.m - 7.00p.m or until the house adjourns
Mondays and Fridays and when the House is on Recess:  8.00a.m - 5.00p.m
Closed on Weekends and Public Holidays

Online Public Access Catalog (OPAC)
Website: http://www.parliament.go.ke
Bunge Library: https://libraryir.parliament.go.ke
Contact: library@parliament.go.ke | Tel no: (254-2)2221291 or 2848000 Ext 5043